Представление документа в формате MARC21

Поле Инд. ПП Название Значение
Тип записи a
Библиографический уровень b
001 Контрольный номер 46a2d30d419746f79db7e449d91f1c49
005 Дата корректировки 20220517155652.2
024 80 a Стандартный номер DOI: 10.3367/UFNe.2018.07.038387
040 a Служба первич. каталог. Web of Science
041 0_ a Код языка текста eng
097 a Костяева О.Г.
100 1_ a Автор Grigorenko L. V.
100 1_ a Автор Sharkov B. Yu.
j Принадлежность неизвестного автора к последователям, ученикам, сторонникам, школе и т. д. государственный университет "Дубна"
100 1_ a Автор Fomichev A. S.
g Прочие сведения РИНЦ AuthorID: 23846 (http://elibrary.ru/author_profile.asp?id= 23846); Scopus Author ID: 7006017478 (https://www.scopus.com/authid/detail.uri?authorId=7006017478)
i 000091262
j Принадлежность неизвестного автора к последователям, ученикам, сторонникам, школе и т. д. государственный университет "Дубна"
q Полное имя Фомичев Андрей Сергеевич
u Дополнение Фомичев А. С.; Fomichev Andrey S.
c Титул (звания) кандидат физико-математических наук
k Кафедра ядерной физики; Факультет естественных и инженерных наук
100 1_ a Автор Golovkov M. S.
g Прочие сведения РИНЦ AuthorID: 23933 (http://elibrary.ru/author_profile.asp?id=23933); Scopus Author ID: 7004257581 (https://www.scopus.com/authid/detail.uri?authorId=7004257581)
i 000091243
j Принадлежность неизвестного автора к последователям, ученикам, сторонникам, школе и т. д. государственный университет "Дубна"
q Полное имя Головков Михаил Сергеевич
u Дополнение Головков М. С.
c Титул (звания) доктор физико-математических наук
k Кафедра ядерной физики; Факультет естественных и инженерных наук
100 1_ a Автор Karpov A. V.
c Титул (звания) кандидат физико-математических наук
g Прочие сведения РИНЦ AuthorID: 166421 (http://elibrary.ru/author_profile.asp?id=166421); SPIN-код: 2455-2050 (http://elibrary.ru/author_items.asp?authorid=166421); Scopus Author ID: 7102768598 (https://www.scopus.com/authid/detail.uri?origin=resultslist&authorId=7102768598&zone=)
i 000090467
j Принадлежность неизвестного автора к последователям, ученикам, сторонникам, школе и т. д. государственный университет "Дубна"
k Кафедра ядерной физики; Факультет естественных и инженерных наук
q Полное имя Карпов Александр Владимирович
u Дополнение Карпов А. В.; Karpov A. V.
100 1_ a Автор Lychagin E. V.
c Титул (звания) ; кандидат физико-математических наук; доцент (должность);
i 100096362
k Кафедра ядерной физики; Инженерно-физический институт
q Полное имя Лычагин Егор Валерьевич
u Дополнение Лычагин Е. В.
100 1_ q Полное имя Тер-Акопьян Гурген Мкртычевич
g Прочие сведения РИНЦ AuthorID: 23906 (http://elibrary.ru/author_profile.asp?id= 23906); Scopus Author ID: 7006139367 (https://www.scopus.com/authid/detail.uri?authorId=7006139367)
u Дополнение Тер-Акопьян Г. М.; Ter-Akopian Gurgen M.
a Автор Ter-Akopian G. M.
i 000091259
j Принадлежность неизвестного автора к последователям, ученикам, сторонникам, школе и т. д. государственный университет "Дубна"
c Титул (звания) профессор; доктор физико-математических наук
k Кафедра ядерной физики; Факультет естественных и инженерных наук
245 10 a Заглавие Scientific program of DERICA-prospective accelerator and storage ring facility for radioactive ion beam research
513 a передано на оплату
b IV квартал 2019
773 18 t Название источника Physics-Uspekhi
d Место и дата издания 2019
g Прочая информация V.62. - № 7. - P. 675-690
b Сведения об издании Turpion Limited
b Сведения об издании IOP Publishing Ltd.
c RUSSIA; ENGLAND
m Специф. данные входит в Scopus;входит в WoS;Входит в ядро РИНЦ;журнал из перечня ВАК;ненулевой импакт-фактор;
p Phys. Usp.
o Прочие индексы wos 2.301, scopus 2.08, ринц -
x ISSN 1063-7869
q Q1
w Контрольный № источника 271c1318afe54c3bba74688ba6b251f5
901 t Тип документа b
952 c Вид литературы статья в журнале